000 00578nam a2200193Ia 4500
003 GCL
008 140319s9999 xx 000 0 ara d
040 _aGCL /
_cGCL
082 0 4 _a792.02
_bب ص
100 1 _aاحمد الحضرى
245 1 0 _aصناعة الافلام الروائية /
_cاحمد الحضرى
700 1 _aبتلر، ايفان
300 _a139 ص
490 _aمطبوعات نادى سينما القاهرة
_v0
650 0 4 _aالملابس
650 0 4 _aالافلام
650 0 4 _aالسينما - صناعة وتجارة
942 _2ddc
_cBK
999 _c47496
_d47496